000 00610cam a2200217 i 4500
001 23662
003 BD-RjUL
005 20211209000945.0
008 140311s1962 enka 00000 eng d
035 _a(BD-RjUL)23727
035 _a(BD-RjUL)
040 _aBD-RjUL
_beng
_cBD-RjUL
041 _aeng
082 0 4 _a928.2
_bGAF 1962
100 1 _aGarnett, David,
_d1892-
_972843
245 1 4 _aThe familiar faces :
_bbeing volume three of "The golden echo" /
_cDavid Garnett
260 _aLondon :
_bChatto and Windus,
_c1962.
300 _a221 p. ;
_c21cm.
600 1 0 _aGarnett, David.
_972845
942 _2ddc
_cBK
999 _c23662
_d23662